ERP: štandardné alebo na mieru?

Komplexnosť problematiky riadenia organizácií si v dnešnom krízovom období vyžaduje mimoriadnu pozornosť. Efektívne riadiť firemné procesy je nevyhnutnosť. ERP - Enterprise resource planning - riadenie podnikových zdrojov. Štandardné ERP. Súčasné trendy. Špecifické požiadavky a špecifické riešenia....

Descrizione completa

Salvato in:
Dettagli Bibliografici
Autore principale: Kadlec, Peter
Natura: Capitolo di libro
Lingua:slovacco
Soggetti:
Tags: Aggiungi Tag
Nessun Tag, puoi essere il primo ad aggiungerne!!

MARC

LEADER 00000naa$a2200000$$$4500
001 0095724
005 20231011121548.3
041 0 |a slo 
044 |a SK 
245 1 0 |a ERP: štandardné alebo na mieru?  |c Peter Kadlec 
520 |a Komplexnosť problematiky riadenia organizácií si v dnešnom krízovom období vyžaduje mimoriadnu pozornosť. Efektívne riadiť firemné procesy je nevyhnutnosť. ERP - Enterprise resource planning - riadenie podnikových zdrojov. Štandardné ERP. Súčasné trendy. Špecifické požiadavky a špecifické riešenia. Výhody ERP. 
610 2 0 |a riadenie podnikové 
610 2 0 |a zdroje podnikové 
610 2 0 |a procesy podnikové 
610 2 0 |a efektívnosť 
610 2 0 |a systémy informačné 
100 1 |a Kadlec, Peter